The Global Positioning System and GIS / (Record no. 550963)

000 -LEADER
fixed length control field 00687mam a2200181 a 4500
020 ## - INTERNATIONAL STANDARD BOOK NUMBER
International Standard Book Number 1575040174
082 ## - DEWEY DECIMAL CLASSIFICATION NUMBER
Classification number 623.893
Author Mark KEN
-- N-01,P-92
100 1# - MAIN ENTRY--PERSONAL NAME
Personal name Kennedy, Michael,
9 (RLIN) 38086
245 14 - TITLE STATEMENT
Title The Global Positioning System and GIS /
Statement of responsibility, etc. by Michael Kennedy.
260 ## - PUBLICATION, DISTRIBUTION, ETC.
Place of publication, distribution, etc. Chelsea, MI :
Name of publisher, distributor, etc. Ann Arbor Press, Inc.,
Date of publication, distribution, etc. c1996.
300 ## - PHYSICAL DESCRIPTION
Extent xxiii, 268 p. :
Other physical details ill. ;
Dimensions 24 cm. +
Accompanying material 1 computer laser optical disc (4 3/4 in.)
500 ## - GENERAL NOTE
General note Cover title: The Global Positioning System and GIS : an introduction.
526 ## - STUDY PROGRAM INFORMATION NOTE
Program name 0
Interest level 0
Reading level 0
Title point value 623_893000000000000_KEN
650 #0 - SUBJECT ADDED ENTRY--TOPICAL TERM
Topical term or geographic name entry element Geographic information systems.
9 (RLIN) 6117
650 #0 - SUBJECT ADDED ENTRY--TOPICAL TERM
Topical term or geographic name entry element Global Positioning System.
9 (RLIN) 21037
650 #0 - SUBJECT ADDED ENTRY--TOPICAL TERM
Topical term or geographic name entry element NUST
9 (RLIN) 6342
942 ## - ADDED ENTRY ELEMENTS (KOHA)
Source of classification or shelving scheme
Koha item type Book
Holdings
Withdrawn status Lost status Source of classification or shelving scheme Damaged status Not for loan Permanent Location Current Location Date acquired Total Checkouts Full call number Barcode Date last seen Price effective from Koha item type
          Military College of Engineering (MCE) Military College of Engineering (MCE) 11/28/2014   623.893 KEN MCE-36700 12/01/2015 03/14/2021 Book
© 2023 Central Library, National University of Sciences and Technology. All Rights Reserved.